Die beliebtesten Wassermarken 2020 - Statistiken

Allgemein
  • Dieses Quiz wurde 432 mal gespielt
  • Das Durchschnittsergebnis liegt bei 3 aus 15
Antwortstatistiken
Konsumenten Marke % Korrekt
18% Gerolsteiner
70%
12,6% Volvic
62%
8,8% Vittel
30%
4,7% Evian
27%
5,5% ViO
25%
6,3% Adelholzener
20%
3,7% San Pellegrino
20%
5,3% Selters
14%
2,9% Vilsa
14%
8,3% Apollinaris
13%
3,9% Frankenbrunnen
6%
3,8% Active O2
5%
3% Rhönsprudel
5%
5,4% Rheinfelsquelle
2%
3,9% Christinen Brunnen
1%
Keine übereinstimmenden Quizze gefunden
Verteilung der Resultate
Anzahl Personen mit jedem Resultat
Perzentil nach korrekt beantworteten Fragen
Ihre Resultats-Entwicklung
Sie haben dieses Quiz noch nicht gespielt